000 00764nam a2200217 a 4500
001 BRCA_4688
005 20190320204751.0
008 011010s1954----enka######---#000-0#eng-#
041 _aeng
044 _aenk
050 4 _aN8860
_b.A58 1954
245 1 0 _aThe Antique Dealer´s fair and Exhibition
_bin the Great Hall Grosvenor House.
260 _aLondres
_bGreathall Grosvener House
_c1954
300 _a105 p.
_bil.
_c26 cm.
500 _aIncluye lista alfabética de expositores y dos planos de la exposición
500 _aCatálogo de la exposición realizada en el gran salón de la casa Grosvenor del miércoles 9 de junio al jueves 24 de junio de 1954
500 _aD60
650 1 4 _aAnticuarios
_vCatálogos
_911899
902 _aGFM
942 _2lcc
_cB
999 _c4388
_d4388